La pensée sans langage (notice n° 1618577)
[ vue normale ]
| 000 -LEADER | |
|---|---|
| fixed length control field | 00789cam a2200157 4500500 |
| 005 - DATE AND TIME OF LATEST TRANSACTION | |
| control field | 20260111090202.0 |
| 041 ## - LANGUAGE CODE | |
| Language code of text/sound track or separate title | fre |
| 042 ## - AUTHENTICATION CODE | |
| Authentication code | dc |
| 100 10 - MAIN ENTRY--PERSONAL NAME | |
| Personal name | Laplane, Dominique |
| Relator term | author |
| 245 00 - TITLE STATEMENT | |
| Title | La pensée sans langage |
| 260 ## - PUBLICATION, DISTRIBUTION, ETC. | |
| Date of publication, distribution, etc. | 2001.<br/> |
| 500 ## - GENERAL NOTE | |
| General note | 43 |
| 520 ## - SUMMARY, ETC. | |
| Summary, etc. | RésuméSur la question des rapports entre la pensée et le langage, neurologues et philosophes sont souvent en opposition. La thèse ici défendue est qu’une pensée ne peut être complète sans l’intervention du langage, mais qu’elle existe, largement préformée, sur un mode non verbal. Le langage participerait à son parachèvement. |
| 786 0# - DATA SOURCE ENTRY | |
| Note | Études | 394 | 3 | 2001-03-01 | p. 345-357 | 0014-1941 |
| 856 41 - ELECTRONIC LOCATION AND ACCESS | |
| Uniform Resource Identifier | <a href="https://shs.cairn.info/revue-etudes-2001-3-page-345?lang=fr&redirect-ssocas=7080">https://shs.cairn.info/revue-etudes-2001-3-page-345?lang=fr&redirect-ssocas=7080</a> |
Pas d'exemplaire disponible.




Réseaux sociaux